Магнитные свойства пород и руд минерализованной зоны проявления "Благодатное"; Проблемы геологии и освоения недр

Bibliografske podrobnosti
Parent link:Проблемы геологии и освоения недр.— 2004.— С. 374-376
Glavni avtor: Аскеров А. А.
Drugi avtorji: Колмаков Ю. В. (научный руководитель)
Jezik:ruščina
Izdano: 2004
Teme:
Format: Book Chapter
KOHA link:https://koha.lib.tpu.ru/cgi-bin/koha/opac-detail.pl?biblionumber=211319

MARC

LEADER 00000naa2a2200000 4500
001 211319
005 20231031192444.0
035 |a (RuTPU)RU\TPU\book\230833 
090 |a 211319 
100 |a 20120312d2004 k y0rusy50 ca 
101 0 |a rus 
102 |a RU 
200 1 |a Магнитные свойства пород и руд минерализованной зоны проявления "Благодатное"  |f А. А. Аскеров  |g науч. рук. Ю. В. Колмаков 
463 0 |0 (RuTPU)RU\TPU\book\77451  |y 5-89503-079-3  |t Проблемы геологии и освоения недр  |o труды Восьмого Международного симпозиума имени ак. М. А. Усова студентов и молодых ученых, посвященного 400-летию г. Томска, 5-9 апреля 2004 г., Томск  |f Администрация г. Томска; Томский политехнический университет  |v С. 374-376  |d 2004  |p 913 с. 
610 1 |a горные породы 
610 1 |a руды 
610 1 |a магнитные свойства 
610 1 |a минерализация 
610 1 |a минерализованные зоны 
610 1 |a рудопроявления 
610 1 |a Благодатное 
610 1 |a труды учёных ТПУ 
700 1 |a Аскеров  |b А. А. 
702 1 |a Колмаков  |b Ю. В.  |4 727 
801 1 |a RU  |b 63413507  |c 20120312 
801 2 |a RU  |b 63413507  |c 20120312  |g RCR 
942 |c BK